000 00652cam a2200229 4500
001 J2235
008 090401t1994 xxu||||| |||| 00| 0 eng d
035 _a(Sirsi) u47877
041 _aeng
050 _a690
110 _aBuilding Research Establishment
245 _aBuilding reinforced, diaphragm and wide plan freestanding walls.
260 _aGarston, Watford
_bBuilding Research Establishment
_c1994
300 _a10p. : ill. ; 30cm.
350 _a0
490 _aGood Building Guide
_v19
650 _aBRICKWORK
650 _aFREESTANDING WALLS
690 _aBUILT ENVIRONMENT-CONSTRUCTION DESIGN
942 _n0
948 _c04/03/1997
999 _c92233
_d92233